Mustafa Kalemli'nin konuşma,açıklama ve demeçleri (Record no. 426)

MARC details
000 -BAŞLIK
Sabit Uzunlukta Kontrol Alanı 00704na a2200217 4500
001 - KONTROL NUMARASI
Denetim Alanı 13442
003 - KONTROL NUMARASI IDENTIFIER
Denetim Alanı MIRAKIL
005 - SON İŞLEM TARİHİ VE ZAMANI
Denetim Alanı 20181213154748.0
008 - SABİT-BOY VERİ ELEMANLARI - GENEL BİLGİLER
Sabit Uzunlukta Kontrol Alanı 161001b tu 000 0
035 ## - SİSTEM KONTROL NUMARASI
Sistem Kontrol Numarası 13442
040 ## - KATALOGLAMA KAYNAK
Orijinal Kataloglama Ajansı Milas
Kataloglama Dili tur
Metne Dönüştürmek Ajansı TR-AnCHP
082 ## - DEWEY ONLU SINIFLANDIRMA NUMARASI
Sınıflandırma Numarası 351.00352
Ürün Numarası K24t 1997
090 ## - SINIFLAMA NUMARASI
Sınıflama Numarası 351.00352 K24t 1997
100 ## - ANA GİRİŞ - KİŞİSEL İSİM
Kişisel Ad Kalemli, Mustafa
Bir Adıyla İlişkilendirilen Tarihler 1996-1997 Meclisi Başkanı
245 ## - BAŞLIK TABLOSU
Başlık Mustafa Kalemli'nin konuşma,açıklama ve demeçleri
Başlığın Kalan 25 Ocak 1996 - 25 Ocak 1997
Sorumluluk Tablosu, Vb Mustafa Kalemli
260 ## - YAYIN, DAĞITIM, VB
Yayın, Dağıtım, Vb Yeri Ankara
Yayıncı, Dağıtıcı, Vs Adı TBMM
Yayın, Dağıtım, Vb Tarihi 1997
300 ## - FİZİKSEL TANIM
Kapsam xvi, 392 s.
Boyutlar 24 sm.
610 ## - KONU KATMA GİRİŞ - TOPLANTI ADI
Giriş Elemanı Olarak Kurumsal Ad Veya Yargı Alanı Adı TBMM
Genel Alt Bölüm Meclis başkanları
Kronolojik Alt Bölüm Meclis konuşmaları
650 ## - KONU KATMA GİRİŞ - TOPİKAL DÖNEM
Topikal Süreli Veya Coğrafi Ad Giriş Elemanı Siyasetçiler
Genel Alt Bölümü Söylev ve demeçler
Coğrafi Alt Bölümü Türkiye
942 ## - EKLENDİ GİRİŞ ELEMANLARI (KOHA)
Sınıflandırma Veya Raf Düzeni Kaynak
Koha Öğesi Türü Books
999 ## - SİSTEM KONTROL NUMARALARI (KOHA)
Koha Biblionumber 426
Koha Biblioitemnumber 426
Holdings
Kalıcı Konum Mevcut Konum Edinme Tarihi Edinim Kaynak Toplam Check-Out'Lar Tam Çağrı Numarası Barkod Tarih Son Görülme İtibaren Geçerli Fiyatlar Koha Öğesi Türü
CHP Kütüphanesi CHP Kütüphanesi 08/14/2016 Bağış   351.00352 K24t 1997 001300 08/14/2016 08/14/2016 Books